000 00640nam a2200241Ia 4500
008 170203s9999 xx 000 0 und d
020 _a0 717258807
050 _a0 30
050 _bT374 2004
245 _aGrolier student encyclopedia :
245 _bScientist--Tanzania /
245 _cGrolier Incorporated.
260 _aDanbury, CT :
260 _bScholastic Library Pub.
260 _c2004
300 _a64 pages :
300 _bcolor illustrations ;
300 _c28 cm.
440 _aGrolier Student Encyclopedia.
440 _vvol. 15
500 _aIncludes index.
650 _aEncyclopedias and dictionaries.
999 _c305939
_d305939